| 000 | 00751nam a22002177a 4500 | ||
|---|---|---|---|
| 999 |
_c10389 _d10389 |
||
| 003 | AR-CdUCM | ||
| 008 | 190401b ||||| |||| 00| 0 spa d | ||
| 040 |
_aMUNICIPALIDAD PROVINCIAL DEL CUSCO _cBIBLIOTECA MUNICIPAL DEL CUSCO |
||
| 082 |
_a858.72 / _bSE42 / 1904 |
||
| 100 |
_aSergi, G. _927211 |
||
| 245 |
_aLeopardi : _bA la luz de la ciencia / |
||
| 260 |
_aBarcelona : _bHenrich, _c1904. |
||
| 300 |
_a138 paginas ; _c17 cm. |
||
| 505 | _aContenido : Prologo -- Discusiones -- De las condiciones fisiopsicologicas de su pesimismo -- La degeneración en leopardi ... | ||
| 650 |
_aLeopardi _927212 |
||
| 650 |
_aPsicología _91538 |
||
| 650 |
_aLiteratura _983 |
||
| 700 |
_aBuixo Monserdá, J. _927213 |
||
| 942 |
_2ddc _cLIBROS |
||
| 945 | _arah | ||